| 000 | 00534cam a2200205ua 4500 | ||
|---|---|---|---|
| 001 | 10163 | ||
| 008 | 170907n ii |||gr||||Z||||||asm | ||
| 020 | _a8185905347 | ||
| 040 | _cMAIN | ||
| 082 | _a330 | ||
| 100 |
_aBaruah, Hem, _eAuthor. |
||
| 245 |
_aEconomics and Indian economics (2nd year) _cBy Hem Baruah and Archana Baruah |
||
| 250 | _a11th ed. | ||
| 260 |
_aGuwahati: _bStudents stores, _c1998. |
||
| 300 | _a331p. | ||
| 653 | _aEconomics | ||
| 653 | _aHS economics | ||
| 700 |
_aBaruah, Archana, _eAuthor. |
||
| 942 | _cBK | ||
| 999 |
_c9160 _d9160 |
||